Autobiography of an Unknown Police-Man/ (Record no. 211215)

MARC details
000 -LEADER
fixed length control field 00608nam a22002057a 4500
005 - DATE AND TIME OF LATEST TRANSACTION
control field 20250508120224.0
010 ## - LCCN (DPL NO)
LC control number ENG-144815
020 ## - INTERNATIONAL STANDARD BOOK NUMBER
Terms of availability 395.00
International Standard Book Number 9789380834344
035 ## - SYSTEM CONTROL NUMBER
System control number EN-128347
037 ## - SOURCE OF ACQUISITION
Source of stock number/acquisition DBAD/PUB
082 ## - DEWEY DECIMAL CLASSIFICATION NUMBER
Classification number 921
Edition number first
100 ## - MAIN ENTRY--PERSONAL NAME
Personal name Agnihotri, R.K.
245 ## - TITLE STATEMENT
Title Autobiography of an Unknown Police-Man/
Statement of responsibility, etc R.K. Agnihotri
250 ## - EDITION STATEMENT
Edition statement first
260 ## - PUBLICATION, DISTRIBUTION, ETC. (IMPRINT)
Place of publication, distribution, etc Bhopal
Name of publisher, distributor, etc Indra Publishing House
Date of publication, distribution, etc 2011
270 ## - ADDRESS
Address E-5/21,Area Colony, Habibganj Police station Road
City Bhopal
Postal code 462016
300 ## - PHYSICAL DESCRIPTION
Extent 356 p.
Dimensions 22cm(pbk)
700 ## - ADDED ENTRY--PERSONAL NAME
9 (RLIN) 80874
942 ## - ADDED ENTRY ELEMENTS (KOHA)
Source of classification or shelving scheme Dewey Decimal Classification
Item type English Books
Classification part 921
Call number suffix tri
Holdings
Withdrawn status Lost status Not for loan Collection code Home library Current library Date acquired Source of acquisition Cost, normal purchase price Full call number Barcode Copy number Cost, replacement price Koha item type
      Fiction D.B.Act.Division D.B.Act.Division 08/05/2025 DBAD 395.00 921 tri EN-128347 1 395.00 English Books

© Delhi Public Library
Hit Counter
free hit counter